Social and community forestry (Record no. 76569)

MARC details
000 -LEADER
fixed length control field 00831nam a2200169 a 4500
008 - FIXED-LENGTH DATA ELEMENTS--GENERAL INFORMATION
fixed length control field 120416s1998 ||||||||||||||||| || u
020 ## - INTERNATIONAL STANDARD BOOK NUMBER
International Standard Book Number 8173410518
050 ## - LIBRARY OF CONGRESS CALL NUMBER
Classification number SD 387.P74 Pra
100 ## - MAIN ENTRY--PERSONAL NAME
Personal name Prabhakar, V. K
245 10 - TITLE STATEMENT
Title Social and community forestry
260 ## - PUBLICATION, DISTRIBUTION, ETC.
Place of publication, distribution, etc. New Delhi
Name of publisher, distributor, etc. Satish Garg
Date of publication, distribution, etc. 1998
350 ## -
-- 0.00
650 ## - SUBJECT ADDED ENTRY--TOPICAL TERM
Topical term or geographic name entry element FORESTRY
995 ## -
-- ANNEX COLLECTION (Main Library)
-- 0.00
-- 732021
-- CBU-MAIN LIBRARY (Kitwe)
-- 1
-- 37.50
-- SD 387.P74 Pra
-- 1
-- AVAILABLE
-- 029564
-- Annex Low-Usage Collection
995 ## -
-- ANNEX COLLECTION (Main Library)
-- 0.00
-- 732019
-- CBU-MAIN LIBRARY (Kitwe)
-- 2
-- 37.50
-- SD 387.P74 Pra
-- 2
-- AVAILABLE
-- 029565
-- Annex Low-Usage Collection
995 ## -
-- MAIN LIBRARY OPEN ACCESS
-- 0.00
-- 732020
-- CBU-MAIN LIBRARY (Kitwe)
-- 3
-- 37.50
-- SD 387.P74 Pra
-- 3
-- AVAILABLE
-- 029563
-- Main Library Open Access Collection
999 ## -
-- 76569
-- 76569
Holdings
Withdrawn status Lost status Source of classification or shelving scheme Damaged status Not for loan Permanent Location Current Location Shelving location Date acquired Total Checkouts Full call number Barcode Date last seen Copy number Price effective from Koha item type
          CBU-MAIN LIBRARY, KITWE. CBU-MAIN LIBRARY, KITWE.   04/25/2023   SD 387.P74 Pra 029564 04/25/2023 1 04/25/2023 MONOGRAPH
          CBU-MAIN LIBRARY, KITWE. CBU-MAIN LIBRARY, KITWE.   04/25/2023   SD 387.P74 Pra 029565 04/25/2023 2 04/25/2023 MONOGRAPH
          CBU-MAIN LIBRARY, KITWE. CBU-MAIN LIBRARY, KITWE.   04/25/2023   SD 387.P74 Pra 029563 04/25/2023 3 04/25/2023 MONOGRAPH